000
00202 a2200109 4500
020
_a
9780451473424
041
_a
spa
100
_a
Jose Fernandez
245
_a
Reta tu vida
942
_c
BK
952
_7
1
999
_c
22350
_d
22350